000
00281nam a22001217a 4500
008
181221b xxu||||| |||| 00| 0 eng d
041
_a
eng
080
_a
541
100
_a
12
101
_a
KIM
245
_a
Laboratory Experiments in Organic Chemistry
_c
Adams, R
942
_2
udc
_c
BK
999
_c
53628
_d
53628